| 000 | 00712nam a2200193Ia 4500 | ||
|---|---|---|---|
| 008 | 090123s9999 xx 000 0 und d | ||
| 082 |
_b36894 _a891.463/अॅटवुड |
||
| 100 | _aअॅटवुड मार्गारेट | ||
| 245 | _aद ब्लाइंड असॅसिन | ||
| 250 | _a1 | ||
| 260 |
_bमेहता प्रकाशन _c2004 |
||
| 300 | _a372 | ||
| 600 | _aअॅटवुड मार्गारेट | ||
| 630 | _aद ब्लाइंड असॅसिन | ||
| 700 | _aनानिवडेकर चारुता | ||
| 700 | _aअॅटवुड मार्गारेट | ||
| 730 | _aद ब्लाइंड असॅसिन | ||
| 942 | _cBOOK | ||
| 999 |
_c74963 _d74963 |
||